Indian society: (Record no. 11148)

MARC details
000 -LEADER
fixed length control field 00631nam a22002177a 4500
005 - DATE AND TIME OF LATEST TRANSACTION
control field 20220922125300.0
008 - FIXED-LENGTH DATA ELEMENTS--GENERAL INFORMATION
fixed length control field 210220b ||||| |||| 00| 0 eng d
020 ## - INTERNATIONAL STANDARD BOOK NUMBER
International Standard Book Number 9789382976394
040 ## - CATALOGING SOURCE
Original cataloging agency IN-DiNC
Transcribing agency IN-DiNC
041 ## - LANGUAGE CODE
Language code of sung or spoken text English
082 ## - DEWEY DECIMAL CLASSIFICATION NUMBER
Classification number 301.0954
Item number SEN
100 ## - MAIN ENTRY--PERSONAL NAME
Personal name Sen, Sanjay
Relator term Author
245 ## - TITLE STATEMENT
Title Indian society:
Remainder of title images and realities /
Statement of responsibility, etc. by Sanjay Sen, Arpita Dowarah and Arpita Dutta Sen
250 ## - EDITION STATEMENT
Edition statement 1st ed.
260 ## - PUBLICATION, DISTRIBUTION, ETC.
Place of publication, distribution, etc. Golaghat:
Name of publisher, distributor, etc. Saraswati prakashan,
Date of publication, distribution, etc. 2020
300 ## - PHYSICAL DESCRIPTION
Extent 220p.
650 ## - SUBJECT ADDED ENTRY--TOPICAL TERM
Topical term or geographic name entry element Ideas of India
700 ## - ADDED ENTRY--PERSONAL NAME
Personal name Dowarah, Arpita
Relator term Author
700 ## - ADDED ENTRY--PERSONAL NAME
Personal name Sen, Arpita Dutta
Relator term Author
942 ## - ADDED ENTRY ELEMENTS (KOHA)
Source of classification or shelving scheme Dewey Decimal Classification
Koha item type Books
Holdings
Withdrawn status Lost status Source of classification or shelving scheme Damaged status Not for loan Collection code Home library Current library Shelving location Date acquired Cost, normal purchase price Total Checkouts Full call number Barcode Date last seen Date last checked out Copy number Price effective from Koha item type
    Dewey Decimal Classification     Sociology Central Library, Naharkatiya College Central Library, Naharkatiya College General Stacks 20/02/2021 200.00 7 301.0954 SEN 28592 07/12/2022 17/11/2022 1 20/02/2021 Books
    Dewey Decimal Classification     Sociology Central Library, Naharkatiya College Central Library, Naharkatiya College General Stacks 20/02/2021 200.00 7 301.0954 SEN 28593 08/04/2025 19/03/2025 2 20/02/2021 Books
    Dewey Decimal Classification     Sociology Central Library, Naharkatiya College Central Library, Naharkatiya College General Stacks 22/09/2022 200.00 4 301.0954 SEN 29110 07/12/2022 31/10/2022 3 22/09/2022 Books
    Dewey Decimal Classification     Sociology Central Library, Naharkatiya College Central Library, Naharkatiya College General Stacks 22/09/2022 200.00 4 301.0954 SEN 29111 03/03/2025 15/02/2025 4 22/09/2022 Books

Naharkatiya College © 2020. All rights reserved.

Powered By